| 000 | 00447nam a2200169Ia 4500 | ||
|---|---|---|---|
| 001 | 31273 | ||
| 003 | IN-NITTTR | ||
| 005 | 20251114233419.0 | ||
| 008 | 251113s9999||||xx |||||||||||||| ||eng|| | ||
| 040 | _beng | ||
| 040 | _cIN-NITTTR | ||
| 041 | _aeng | ||
| 082 | _a650.1 T82B | ||
| 100 | _aTulgan, Bruce | ||
| 245 | 0 |
_aBridging the soft skills gap : _b how to teach the missing basics to today's young talent / _cTulgan, Bruce |
|
| 942 |
_2ddc _cBK |
||
| 999 |
_c33903 _d33903 |
||